[Event "11th Asia-ch - Manny Pacquiao Cup"]
[Site "Manila PHI"]
[Date "2013.05.20"]
[Round "3"]
[White "Tran Tuan Minh"]
[Black "Mariano, Nelson"]
[Result "0-1"]
[WhiteElo "2399"]
[BlackElo "2282"]
[EventDate "2013.05.18"]
[PlyCount "80"]

1.d4 Nf6 2.c4 c5 3.d5 b5 4.cxb5 a6 5.bxa6 g6 6.Nc3 Bxa6 7.e4 Bxf1 8.Kxf1 
d6 9.g3 Bg7 10.Kg2 O-O 11.Nf3 Nbd7 12.h3 Qa5 13.Re1 Rfb8 14.Re2 Ne8 15.Qd3
Nc7 16.Bg5 Kf8 17.Rc1 Qa6 18.Qd2 Bxc3 19.Rxc3 f6 20.Bh6+ Kf7 21.b3 Rb4 22.
h4 Nb5 23.Rd3 Nd4 24.Nxd4 Ne5 25.Nc6 Nxd3 26.Re3 Ne5 27.Nxb4 cxb4 28.Bf4 
Qxa2 29.Qxb4 Ng4 30.Rf3 Qb1 31.Rc3 Qe1 32.Qd4 Ra1 33.Rc1 Rxc1 34.Bxc1 Qxc1
35.b4 Ne5 36.b5 Qc4 37.Qxc4 Nxc4 38.Kf3 Ke8 39.Ke2 Kd7 40.Kd3 Ne5+ 0-1

[Event "11th Asia-ch - Manny Pacquiao Cup"]
[Site "Manila PHI"]
[Date "2013.05.20"]
[Round "3"]
[White "Masruri, Rahman"]
[Black "Akash, Ganesan"]
[Result "1-0"]
[WhiteElo "2165"]
[BlackElo "2397"]
[EventDate "2013.05.18"]
[PlyCount "80"]

1.e4 c5 2.Nf3 Nc6 3.d4 cxd4 4.Nxd4 Nf6 5.Nc3 e5 6.Ndb5 d6 7.Bg5 a6 8.Na3 
b5 9.Nd5 Be7 10.Bxf6 Bxf6 11.c4 b4 12.Nc2 O-O 13.g3 Bg5 14.h4 Bh6 15.Bh3 
Be6 16.Kf1 Qa5 17.Kg2 Qc5 18.Qd3 a5 19.Rhf1 Ra7 20.Rad1 Rb8 21.f4 a4 22.
Nce3 Na5 23.Rc1 Kh8 24.h5 Re8 25.Rfd1 Nb7 26.Ng4 Bxg4 27.Bxg4 Qa5 28.Qf3 
Nc5 29.Ne3 exf4 30.Nf5 Nxe4 31.Rd5 Qd8 32.Re1 Ng5 33.Rxe8+ Qxe8 34.Qxf4 
Ne6 35.Qf2 Rd7 36.Nxd6 Qe7 37.Nxf7+ Qxf7 38.Qxf7 Rxf7 39.Bxe6 Rf8 40.c5 
Be3 1-0

[Event "11th Asia-ch - Manny Pacquiao Cup"]
[Site "Manila PHI"]
[Date "2013.05.20"]
[Round "3"]
[White "Elorta, David"]
[Black "Luthfi Ali, Muhammad"]
[Result "0-1"]
[WhiteElo "2348"]
[BlackElo "2246"]
[EventDate "2013.05.18"]
[PlyCount "52"]

1.d4 Nf6 2.Nf3 g6 3.Bf4 Bg7 4.e3 O-O 5.h3 d6 6.c3 c5 7.Nbd2 Nc6 8.Be2 cxd4
9.exd4 Nd5 10.Bg3 e5 11.O-O exd4 12.Nb3 dxc3 13.Qxd5 Be6 14.Qb5 cxb2 15.
Rad1 Qb6 16.Qa4 Qb4 17.Qxb4 Nxb4 18.Nbd4 Nxa2 19.Bd3 Nc1 20.Bb1 Bc4 21.
Rfe1 Rfe8 22.Bxd6 Ne2+ 23.Nxe2 Bxe2 24.Rxe2 Rxe2 25.Ba2 Rd8 26.Ng5 Bf8 0-1

[Event "11th Asia-ch - Manny Pacquiao Cup"]
[Site "Manila PHI"]
[Date "2013.05.20"]
[Round "3"]
[White "Segarra, Randy"]
[Black "Pimentel, Joel"]
[Result "0-1"]
[WhiteElo "2343"]
[BlackElo "2194"]
[EventDate "2013.05.18"]
[PlyCount "68"]

1.g3 g6 2.Bg2 Bg7 3.c4 c6 4.Nc3 e6 5.c5 b6 6.d4 Nf6 7.Rb1 O-O 8.e4 Ne8 9.
Nge2 Qe7 10.b4 d6 11.Ba3 dxc5 12.bxc5 b5 13.e5 Nc7 14.Ne4 Nd5 15.Bc1 Nd7 
16.f4 a5 17.O-O f5 18.exf6 N7xf6 19.Ng5 b4 20.Re1 Ba6 21.Bh3 Nc7 22.Qc2 
Nfd5 23.Bb2 Rae8 24.Rbd1 Ne3 25.Qe4 Nxd1 26.Rxd1 Bc4 27.Nc1 Bh6 28.Qe5 
Bxg5 29.fxg5 Qf7 30.Rd2 Nd5 31.Qe1 Qf3 32.Bxe6+ Kh8 33.Qe5+ Rf6 34.Bxd5 
Qf1# 0-1

[Event "11th Asia-ch - Manny Pacquiao Cup"]
[Site "Manila PHI"]
[Date "2013.05.20"]
[Round "3"]
[White "Bancod, Ronald"]
[Black "Galindo, Joseph"]
[Result "1-0"]
[WhiteElo "2290"]
[BlackElo "2081"]
[EventDate "2013.05.18"]
[PlyCount "99"]

1.d4 Nf6 2.Nf3 e6 3.Bf4 d5 4.e3 c5 5.Nbd2 Nc6 6.c3 Bd6 7.Bg3 Bxg3 8.hxg3 
Qb6 9.Rb1 h6 10.b4 c4 11.Ne5 Qc7 12.f4 Ne7 13.g4 Nd7 14.g5 Nxe5 15.dxe5 
Qb6 16.Kf2 Bd7 17.Nf3 O-O-O 18.gxh6 Nf5 19.Nd4 Nxh6 20.Kg1 f6 21.a4 Qc7 
22.Nf3 Nf5 23.Rxh8 Rxh8 24.a5 Ng3 25.Qd4 Rh1+ 26.Kf2 Ne4+ 27.Ke1 Kb8 28.
Nd2 fxe5 29.fxe5 Ng3 30.Qf4 Nh5 31.Qg5 Bc8 32.Nf3 Qf7 33.Rd1 Qe8 34.Ra1 g6
35.Kf2 Ng7 36.g4 Rh8 37.Be2 Bd7 38.Kg3 Ba4 39.Nd4 Rg8 40.Qf6 Bd7 41.Rf1 a6
42.Rh1 Rh8 43.Rf1 Rh7 44.Kg2 Qh8 45.Qf8+ Ne8 46.Qxh8 Rxh8 47.Rf7 Kc8 48.
Bf3 Kd8 49.Kg3 g5 50.e4 1-0

[Event "11th Asia-ch - Manny Pacquiao Cup"]
[Site "Manila PHI"]
[Date "2013.05.20"]
[Round "3"]
[White "Liew Chee Meng, Jimmy"]
[Black "Manuel Enofre, Efren"]
[Result "1-0"]
[WhiteElo "2287"]
[BlackElo "1974"]
[EventDate "2013.05.18"]
[PlyCount "121"]

1.d4 Nf6 2.Nf3 e6 3.e3 b6 4.Nbd2 Bb7 5.Bd3 d5 6.O-O Be7 7.b3 O-O 8.Bb2 
Nbd7 9.Ne5 Nxe5 10.dxe5 Ne4 11.Bxe4 dxe4 12.Qe2 Bc5 13.Rfd1 Qg5 14.Nf1 
Rad8 15.h3 h5 16.Ng3 g6 17.Kh2 f5 18.exf6 Bd6 19.Kh1 Rxf6 20.Bxf6 Qxf6 21.
Kg1 Rf8 22.Rxd6 cxd6 23.Rd1 d5 24.c4 Qe5 25.cxd5 exd5 26.Qd2 Qf6 27.Qe1 
Rc8 28.Rc1 Rc5 29.Ne2 Qb2 30.Rd1 Ra5 31.Rd2 Qe5 32.b4 Ra3 33.Qc1 Rd3 34.
Nf4 Rxd2 35.Qxd2 Kh7 36.h4 Kh6 37.b5 Kh7 38.Qb4 Kg7 39.a4 Kf7 40.g3 Qa1+ 
41.Kg2 Qe5 42.Ne2 Bc8 43.Nd4 Bd7 44.a5 Qc7 45.a6 Kg8 46.Nc6 Bxc6 47.bxc6 
Kf7 48.Qc3 Ke6 49.Kh3 Qf7 50.Kg2 Kd6 51.Kf1 Kc7 52.Kg1 b5 53.Qc5 Qf3 54.
Qxb5 Qd1+ 55.Kh2 Qf3 56.Qb7+ Kd6 57.Qd7+ Kc5 58.Qxa7+ Kxc6 59.Qb7+ Kc5 60.
Qb2 Qd1 61.a7 1-0

[Event "11th Asia-ch - Manny Pacquiao Cup"]
[Site "Manila PHI"]
[Date "2013.05.20"]
[Round "3"]
[White "Galmandakh, Badrakh"]
[Black "Pagente, Adelardo"]
[Result "1-0"]
[WhiteElo "2212"]
[BlackElo "1906"]
[EventDate "2013.05.18"]
[PlyCount "77"]

1.g3 Nf6 2.Bg2 d5 3.f4 g6 4.Nf3 Bg7 5.O-O O-O 6.d3 c5 7.c3 Qb6 8.Kh1 Nc6 
9.Qc2 c4 10.dxc4 Bf5 11.Qb3 dxc4 12.Qxb6 axb6 13.Na3 Ra4 14.Nd2 Bg4 15.e4 
Be2 16.Re1 Bd3 17.e5 Nd7 18.Bd5 e6 19.Bxc4 Bxc4 20.Ndxc4 Rfa8 21.Rd1 Ncb8 
22.Be3 R4a6 23.Rd2 b5 24.Nxb5 Rxa2 25.Rxa2 Rxa2 26.Nb6 Nxb6 27.Rd8+ Bf8 
28.Rxb8 Rxb2 29.Bxb6 Rxb5 30.Bd8 f6 31.Be7 Kf7 32.Bxf8 fxe5 33.Bd6 e4 34.
Bb4 h6 35.Kg2 g5 36.fxg5 hxg5 37.Kf2 Kf6 38.Ke3 Kf5 39.Rf8+ 1-0

[Event "11th Asia-ch - Manny Pacquiao Cup"]
[Site "Manila PHI"]
[Date "2013.05.21"]
[Round "4"]
[White "Sadorra, Julio Catalino"]
[Black "Al-Sayed, Mohamad Naser"]
[Result "1-0"]
[WhiteElo "2561"]
[BlackElo "2502"]
[EventDate "2013.05.18"]
[PlyCount "93"]

1.d4 Nf6 2.c4 g6 3.Nc3 Bg7 4.e4 d6 5.h3 O-O 6.Nf3 e5 7.d5 a5 8.Be3 Na6 9.
Bd3 Nd7 10.g4 Ndc5 11.Bc2 f5 12.gxf5 gxf5 13.a3 fxe4 14.Nxe4 Nxe4 15.Bxe4 
Bf5 16.Bxf5 Rxf5 17.Rg1 Qf6 18.Nd2 Nc5 19.Bxc5 dxc5 20.Ne4 Qh6 21.d6 c6 
22.Qd3 Rf4 23.Rg2 Qh4 24.Nxc5 Rd4 25.Rxg7+ Kxg7 26.Ne6+ Kh8 27.Nxd4 exd4 
28.Qf5 Qh6 29.Qe5+ Qg7 30.f4 Kg8 31.O-O-O Qxe5 32.fxe5 Kf7 33.Rxd4 Ke6 34.
Rh4 Kxe5 35.d7 Rd8 36.Rxh7 Kf6 37.Rh6+ Ke5 38.Rh5+ Kf6 39.Rxa5 Rxd7 40.Rh5
Rd4 41.b3 Rd3 42.Kc2 Rf3 43.Rh7 Ke5 44.Rxb7 Rxh3 45.Rd7 Rh2+ 46.Kc3 Rh3+ 
47.Kb4 1-0

[Event "11th Asia-ch - Manny Pacquiao Cup"]
[Site "Manila PHI"]
[Date "2013.05.21"]
[Round "4"]
[White "Gomez, John Paul"]
[Black "Li Chao"]
[Result "1/2-1/2"]
[WhiteElo "2511"]
[BlackElo "2686"]
[EventDate "2013.05.18"]
[PlyCount "53"]

1.d4 d5 2.c4 c6 3.cxd5 cxd5 4.Bf4 Nf6 5.e3 Nc6 6.Nc3 Bf5 7.Qb3 Na5 8.Qa4+ 
Bd7 9.Qc2 e6 10.Bd3 Nh5 11.Be5 f6 12.Bg3 Kf7 13.Nge2 Rc8 14.f3 Nxg3 15.
hxg3 f5 16.g4 Qg5 17.Nf4 Bd6 18.gxf5 Bxf4 19.fxe6+ Bxe6 20.exf4 Qxf4 21.
Qf2 Nc4 22.Bxc4 Rxc4 23.Rd1 h5 24.Qd2 Qg3+ 25.Qf2 Qf4 26.Qd2 Qg3+ 27.Qf2 
1/2-1/2

[Event "11th Asia-ch - Manny Pacquiao Cup"]
[Site "Manila PHI"]
[Date "2013.05.21"]
[Round "4"]
[White "Adhiban, Baskaran"]
[Black "Bitoon, Richard"]
[Result "1/2-1/2"]
[WhiteElo "2556"]
[BlackElo "2403"]
[EventDate "2013.05.18"]
[PlyCount "60"]

1.d4 Nf6 2.c4 e6 3.Nc3 Bb4 4.Qc2 d6 5.Bd2 O-O 6.a3 Bxc3 7.Bxc3 b6 8.e4 Bb7
9.Bd3 c5 10.Ne2 cxd4 11.Nxd4 Nbd7 12.O-O-O Ne5 13.Rhe1 Rc8 14.Nb5 a6 15.
Bxe5 axb5 16.Bxd6 Qxd6 17.e5 Qc7 18.exf6 Qf4+ 19.Kb1 Qxf6 20.Bxh7+ Kh8 21.
Bd3 Bxg2 22.f4 Bd5 23.Re5 Rfd8 24.Rg1 bxc4 25.Qc3 Kg8 26.Bc2 Kf8 27.Qb4+ 
Qe7 28.Qc3 Qf6 29.Qb4+ Qe7 30.Qc3 f6 1/2-1/2

[Event "11th Asia-ch - Manny Pacquiao Cup"]
[Site "Manila PHI"]
[Date "2013.05.21"]
[Round "4"]
[White "Wan Yunguo"]
[Black "Paragua, Mark"]
[Result "0-1"]
[WhiteElo "2509"]
[BlackElo "2550"]
[EventDate "2013.05.18"]
[PlyCount "78"]

1.e4 c5 2.Nf3 d6 3.d4 cxd4 4.Nxd4 Nf6 5.Nc3 a6 6.Be3 e5 7.Nb3 Be6 8.Qd2 
Nbd7 9.O-O-O Be7 10.f4 b5 11.Kb1 Rc8 12.f5 Bc4 13.h3 d5 14.exd5 Bb4 15.Bg5
O-O 16.Qe3 Bxc3 17.bxc3 Bxd5 18.Qg3 Ne4 19.Bxd8 Nxg3 20.Be7 Rfe8 21.Rg1 
Rxe7 22.Rxd5 Nf6 23.Rd6 Nfe4 24.Rxa6 Rd7 25.Kb2 Rd1 26.a4 Nxc3 27.axb5 
Rb1+ 28.Ka3 Nxb5+ 29.Bxb5 Rxg1 30.c4 e4 31.c5 e3 32.Nd4 Ra1+ 33.Kb4 Rd1 
34.Rd6 Rb1+ 35.Ka5 Ne4 36.Rd5 Rxb5+ 37.Kxb5 Nc3+ 38.Kc4 Nxd5 39.Kxd5 Rd8+ 
0-1

[Event "11th Asia-ch - Manny Pacquiao Cup"]
[Site "Manila PHI"]
[Date "2013.05.21"]
[Round "4"]
[White "Gombosuren, Munkhgal"]
[Black "Nguyen Ngoc Truong Son"]
[Result "1/2-1/2"]
[WhiteElo "2427"]
[BlackElo "2631"]
[EventDate "2013.05.18"]
[PlyCount "76"]

1.d4 Nf6 2.c4 c5 3.d5 b5 4.cxb5 a6 5.bxa6 g6 6.Nc3 Bxa6 7.Nf3 Bg7 8.e4 
Bxf1 9.Kxf1 d6 10.g3 O-O 11.Kg2 Nbd7 12.a4 Qb6 13.Qe2 Rfb8 14.Bd2 Qb3 15.
Rhb1 Nb6 16.Ra3 Qc4 17.Qe1 Qb4 18.e5 dxe5 19.Nxe5 Nbxd5 20.Nxd5 Qb7 21.Kg1
Nxd5 22.Qe4 Nb4 23.Qxb7 Rxb7 24.Nc4 Nc2 25.Rd3 Nb4 26.Bxb4 Rxb4 27.b3 
Raxa4 28.Rd8+ Bf8 29.Ne5 Ra6 30.Nd7 Rd6 31.Rxf8+ Kg7 32.Rd8 Rbd4 33.Rc1 
Rxd7 34.Rxd7 Rxd7 35.Rxc5 Rd1+ 36.Kg2 Rb1 37.Rb5 e5 38.Rxe5 Rxb3 1/2-1/2

[Event "11th Asia-ch - Manny Pacquiao Cup"]
[Site "Manila PHI"]
[Date "2013.05.21"]
[Round "4"]
[White "Lalith Babu, Musunuri Rohit"]
[Black "Kuderinov, Kirill"]
[Result "1-0"]
[WhiteElo "2572"]
[BlackElo "2442"]
[EventDate "2013.05.18"]
[PlyCount "131"]

1.d4 d5 2.c4 c6 3.Nf3 Nf6 4.Qb3 e6 5.g3 Be7 6.Bg2 O-O 7.O-O Ne4 8.Nc3 Nxc3
9.Qxc3 Nd7 10.Bf4 a5 11.Rac1 a4 12.Rfe1 Qa5 13.Qxa5 Rxa5 14.e4 Bb4 15.Bd2 
Bxd2 16.Nxd2 dxe4 17.Nxe4 Nf6 18.Nd6 Rd8 19.c5 Kf8 20.Nc4 Ra7 21.Red1 Nd5 
22.Kf1 Nc7 23.Ke2 Ke7 24.Rd3 Bd7 25.Nb6 Na8 26.Nc4 Nc7 27.Ke3 Be8 28.Be4 
h6 29.Nb6 Na8 30.Nxa8 Rdxa8 31.Ra3 Rb8 32.Rc4 b5 33.cxb6 Rxb6 34.b3 e5 35.
dxe5 Ra5 36.Raxa4 Rxe5 37.Ra7+ Kf6 38.b4 Reb5 39.a3 g5 40.Bd3 Rb8 41.Be4 
Re5 42.Kf3 Rd8 43.g4 Rd2 44.a4 Bd7 45.Ke3 Rd1 46.f3 Be8 47.a5 Re6 48.Ra8 
Ke7 49.Rd4 Ra1 50.Rc8 h5 51.h3 hxg4 52.hxg4 Re5 53.Rc7+ Kf6 54.Rd6+ Kg7 
55.Rc8 c5 56.Rd5 Rxd5 57.Bxd5 cxb4 58.Rxe8 Re1+ 59.Kd4 Rxe8 60.a6 b3 61.
Kc3 Re7 62.Bb7 Rc7+ 63.Kb2 f5 64.a7 Rxb7 65.a8=Q Rf7 66.Qd5 1-0

[Event "11th Asia-ch - Manny Pacquiao Cup"]
[Site "Manila PHI"]
[Date "2013.05.21"]
[Round "4"]
[White "Pascua, Haridas"]
[Black "Li Shilong"]
[Result "0-1"]
[WhiteElo "2413"]
[BlackElo "2558"]
[EventDate "2013.05.18"]
[PlyCount "118"]

1.d4 Nf6 2.c4 g6 3.Nf3 Bg7 4.g3 O-O 5.Bg2 d6 6.O-O Nbd7 7.b3 c5 8.Bb2 Rb8 
9.Nc3 a6 10.a4 cxd4 11.Nxd4 Nc5 12.e4 Ng4 13.Nde2 f5 14.Qc2 e5 15.Nd5 Be6 
16.Nec3 f4 17.f3 Nh6 18.Rfd1 fxg3 19.hxg3 Qg5 20.b4 Nd7 21.Qf2 Rbc8 22.Bc1
Qd8 23.Qe2 Nf7 24.Be3 Ng5 25.a5 Bf7 26.c5 Ne6 27.cxd6 Nd4 28.Bxd4 exd4 29.
Ne7+ Kh8 30.Ncd5 Bxd5 31.Nxd5 Ne5 32.f4 d3 33.Qe1 Rc2 34.fxe5 Bxe5 35.Rxd3
Rff2 36.Bf1 Qxd6 37.Raa3 Qf8 38.Nf4 Bxf4 39.gxf4 Qxf4 40.Rg3 Rxf1+ 41.Qxf1
Rc1 42.Qxc1 Qxc1+ 43.Kg2 Qb2+ 44.Kh3 Qe5 45.Rge3 Kg7 46.Rad3 h5 47.Rd5 
Qe6+ 48.Kh2 Kh6 49.Rc5 Qd6+ 50.Kg2 Qd2+ 51.Kf3 h4 52.Rcc3 Kh5 53.Rcd3 Qc1 
54.Kg2 g5 55.e5 g4 56.e6 Qc2+ 57.Kf1 g3 58.Rd5+ Kg4 59.Rd4+ Kh3 0-1

[Event "11th Asia-ch - Manny Pacquiao Cup"]
[Site "Manila PHI"]
[Date "2013.05.21"]
[Round "4"]
[White "Dzhumaev, Marat"]
[Black "Wang Chen"]
[Result "1-0"]
[WhiteElo "2549"]
[BlackElo "2498"]
[EventDate "2013.05.18"]
[PlyCount "129"]

1.e4 c5 2.Nf3 e6 3.d4 cxd4 4.Nxd4 a6 5.Nc3 Qc7 6.Be2 Nc6 7.f4 d6 8.Be3 Nf6
9.O-O Be7 10.a4 O-O 11.Kh1 Bd7 12.Nb3 b6 13.Bf3 Rab8 14.g4 Bc8 15.g5 Nd7 
16.Bg2 Re8 17.Qh5 Bb7 18.Rf2 Na5 19.Raf1 Nc4 20.Bc1 Bf8 21.Qh3 b5 22.axb5 
axb5 23.Nxb5 Qb6 24.Nc3 Ba6 25.f5 Nce5 26.Be3 Qd8 27.Ra1 Bc4 28.Rf4 Be7 
29.Rh4 Nf8 30.Qg3 Kh8 31.Rg1 Bxb3 32.cxb3 Rxb3 33.Bf1 Qb8 34.Bd4 Rxb2 35.
Ne2 Rb4 36.Bg2 Rxd4 37.Nxd4 Qb2 38.Nf3 Nxf3 39.Bxf3 Rc8 40.f6 Bd8 41.Qxd6 
Kg8 42.g6 Nxg6 43.Rxg6 Bxf6 44.Rxf6 Qxf6 45.Rf4 Qd8 46.Qxd8+ Rxd8 47.Kg2 
Rd2+ 48.Kg3 Rd4 49.h4 f5 50.e5 Rd3 51.Ra4 h6 52.h5 Kf7 53.Kf4 g5+ 54.hxg6+
Kxg6 55.Bc6 Rd8 56.Ra6 Rd4+ 57.Ke3 Rd1 58.Be8+ Kg5 59.Rxe6 f4+ 60.Ke2 Kf5 
61.Re7 Rc1 62.Bb5 Rc2+ 63.Kd3 Rc1 64.Bd7+ Kg6 65.Ke4 1-0

[Event "11th Asia-ch - Manny Pacquiao Cup"]
[Site "Manila PHI"]
[Date "2013.05.21"]
[Round "4"]
[White "Nava, Roderick"]
[Black "Santosh Gujrathi, Vidit"]
[Result "1/2-1/2"]
[WhiteElo "2362"]
[BlackElo "2549"]
[EventDate "2013.05.18"]
[PlyCount "136"]

1.d4 Nf6 2.Nf3 d5 3.c4 dxc4 4.e3 a6 5.a4 e6 6.Bxc4 b6 7.O-O Bb7 8.Nc3 Bb4 
9.Ne5 O-O 10.Nd3 Bd6 11.f3 c5 12.dxc5 bxc5 13.e4 Qc7 14.h3 Nc6 15.Ne2 Nd7 
16.Be3 Rfd8 17.Qc2 Nb4 18.Qb3 Rab8 19.Nxb4 cxb4 20.Rac1 Bc5 21.Kh1 Bxe3 
22.Qxe3 Qc5 23.Qf4 Qe5 24.Rfd1 Qxf4 25.Nxf4 Nc5 26.b3 Rbc8 27.a5 Kf8 28.
Kg1 Ke7 29.Kf2 g5 30.Ne2 Rxd1 31.Rxd1 Nd7 32.Nd4 Ne5 33.Be2 Rc3 34.Rd2 h5 
35.Rc2 Rxc2 36.Nxc2 Nc6 37.Ke3 f6 38.g3 Kd6 39.h4 Kc5 40.hxg5 fxg5 41.f4 
g4 42.Ne1 Nxa5 43.Nd3+ Kb6 44.f5 exf5 45.exf5 Nxb3 46.f6 Bd5 47.Nxb4 Bf7 
48.Nd3 Nc5 49.Ne5 Bb3 50.f7 Ne6 51.Nd7+ Kc6 52.f8=Q Nxf8 53.Nxf8 a5 54.Kd4
a4 55.Ng6 a3 56.Kc3 a2 57.Kb2 Kd6 58.Nf4 Bf7 59.Bd3 Ke5 60.Bg6 Bxg6 61.
Nxg6+ Ke4 62.Nh4 Ke3 63.Kxa2 Kf2 64.Nf5 Kg2 65.Kb2 Kh3 66.Kc3 h4 67.gxh4 
g3 68.Nxg3 Kxh4 1/2-1/2

[Event "11th Asia-ch - Manny Pacquiao Cup"]
[Site "Manila PHI"]
[Date "2013.05.21"]
[Round "4"]
[White "Antonio, Rogelio jr"]
[Black "Nezad, Husein Aziz"]
[Result "1-0"]
[WhiteElo "2539"]
[BlackElo "2410"]
[EventDate "2013.05.18"]
[PlyCount "39"]

1.e4 e5 2.Nf3 Nc6 3.Bb5 Nge7 4.Nc3 d6 5.a3 Bd7 6.O-O g6 7.d4 Bg7 8.dxe5 
Nxe5 9.Nxe5 Bxe5 10.Bc4 Be6 11.Bxe6 fxe6 12.f4 Bg7 13.f5 exf5 14.Bg5 Qd7 
15.exf5 Nxf5 16.Qd5 c6 17.Rae1+ Be5 18.Qb3 Rf8 19.Ne4 Nd4 20.Nf6+ 1-0

[Event "11th Asia-ch - Manny Pacquiao Cup"]
[Site "Manila PHI"]
[Date "2013.05.21"]
[Round "4"]
[White "Ervan, Mohamad"]
[Black "Gopal, Geetha Narayanan"]
[Result "0-1"]
[WhiteElo "2162"]
[BlackElo "2526"]
[EventDate "2013.05.18"]
[PlyCount "77"]

1.e4 e6 2.d4 d5 3.Nd2 c5 4.Ngf3 cxd4 5.exd5 Qxd5 6.Bc4 Qd6 7.O-O Nf6 8.Nb3
Nc6 9.Nbxd4 Nxd4 10.Qxd4 Qxd4 11.Nxd4 Bd7 12.Bf4 Rc8 13.Bb3 Bc5 14.Rad1 
O-O 15.h3 Bb6 16.Rfe1 Rfd8 17.c3 Be8 18.Be5 Nd7 19.Bd6 Nf8 20.Be7 Rd7 21.
Bh4 Ng6 22.Bg3 Bxd4 23.Rxd4 Rxd4 24.cxd4 Ne7 25.Bf4 h6 26.g4 Rd8 27.Be3 
Bc6 28.Rc1 Nd5 29.Bxd5 Rxd5 30.b4 a6 31.Kh2 f6 32.Kg3 Kf7 33.a3 Ke7 34.Rc3
Rd8 35.Rc5 Kd7 36.h4 Ra8 37.g5 hxg5 38.hxg5 Rh8 39.Kg4 0-1

[Event "11th Asia-ch - Manny Pacquiao Cup"]
[Site "Manila PHI"]
[Date "2013.05.21"]
[Round "4"]
[White "Djao Thien Hai"]
[Black "Emperado, Emmanuel"]
[Result "1-0"]
[WhiteElo "2506"]
[BlackElo "2313"]
[EventDate "2013.05.18"]
[PlyCount "71"]

1.d4 Nf6 2.c4 e6 3.Nc3 Bb4 4.Qc2 O-O 5.a3 Bxc3+ 6.Qxc3 d5 7.Bg5 c5 8.e3 
cxd4 9.Qxd4 Nc6 10.Qc3 d4 11.exd4 Nxd4 12.O-O-O e5 13.f4 Bg4 14.Rd3 Bf5 
15.fxe5 Bxd3 16.Bxd3 Ne6 17.h4 Nc5 18.Bc2 Nfe4 19.Bxd8 Nxc3 20.Be7 N3e4 
21.Bxf8 Kxf8 22.Nf3 h6 23.b4 Nf2 24.Rf1 Ncd3+ 25.Kd2 Rd8 26.Ke2 a5 27.Rxf2
Nxf2 28.Kxf2 axb4 29.axb4 Ra8 30.Be4 Ra2+ 31.Kg3 b6 32.b5 Re2 33.Bd5 Ke7 
34.Nd4 Re1 35.Kf2 Rh1 36.g3 1-0

[Event "11th Asia-ch - Manny Pacquiao Cup"]
[Site "Manila PHI"]
[Date "2013.05.21"]
[Round "4"]
[White "Ghaem Maghami, Ehsan"]
[Black "Nouri, Hamed"]
[Result "0-1"]
[WhiteElo "2568"]
[BlackElo "2368"]
[EventDate "2013.05.18"]
[PlyCount "70"]

1.d4 Nf6 2.c4 g6 3.Nc3 Bg7 4.e4 d6 5.f3 O-O 6.Be3 Nc6 7.Nge2 a6 8.Qd2 Rb8 
9.Rc1 Bd7 10.Nd1 Re8 11.Nf2 b5 12.c5 dxc5 13.Rxc5 e5 14.d5 Ne7 15.Qc2 Nc8 
16.Rxc7 Nd6 17.Nc1 Nc4 18.Rxc4 bxc4 19.Bxc4 Qa5+ 20.Bd2 Qb6 21.Ncd3 Rec8 
22.O-O Ne8 23.b3 Nd6 24.Nb2 Bb5 25.Qd3 Bxc4 26.Nxc4 Nxc4 27.bxc4 Bf8 28.
Kh1 Qc5 29.Ng4 Qxc4 30.Nxe5 Qxa2 31.Nc6 Rb3 32.Qc4 Rxc6 33.dxc6 Rxf3 34.
Qc1 Rxf1+ 35.Qxf1 Qxd2 0-1

[Event "11th Asia-ch - Manny Pacquiao Cup"]
[Site "Manila PHI"]
[Date "2013.05.21"]
[Round "4"]
[White "Rudin, Hamdani"]
[Black "Barbosa, Oliver"]
[Result "1/2-1/2"]
[WhiteElo "2341"]
[BlackElo "2566"]
[EventDate "2013.05.18"]
[PlyCount "96"]

1.d4 d5 2.c4 c6 3.e3 Nf6 4.Nc3 g6 5.h3 Bg7 6.Nf3 O-O 7.Bd3 c5 8.dxc5 Qa5 
9.O-O dxc4 10.Bxc4 Qxc5 11.Bb3 Bf5 12.g4 Be4 13.Nxe4 Nxe4 14.Qd5 Qxd5 15.
Bxd5 Nc5 16.Rb1 a5 17.b4 axb4 18.Rxb4 Nbd7 19.Bb2 Rfb8 20.Bxg7 Kxg7 21.
Rfb1 e6 22.Bc4 Nf6 23.Rd1 Rd8 24.Rd4 Nfe4 25.g5 h6 26.h4 hxg5 27.hxg5 Rdc8
28.Bb3 Nc3 29.Rdc4 Nxb3 30.Rxc8 Rxc8 31.axb3 b5 32.Kg2 Rc5 33.Rd4 e5 34.b4
exd4 35.bxc5 dxe3 36.fxe3 Kf8 37.Ne5 Ke7 38.c6 Nd5 39.Kf3 Ke6 40.Ke4 b4 
41.Nc4 f6 42.gxf6 Nxf6+ 43.Kf4 Nd5+ 44.Kg5 b3 45.e4 Ne7 46.c7 Kd7 47.Kf6 
Nc6 48.Kxg6 Kxc7 1/2-1/2

[Event "11th Asia-ch - Manny Pacquiao Cup"]
[Site "Manila PHI"]
[Date "2013.05.21"]
[Round "4"]
[White "Gundavaa, Bayarsaihan"]
[Black "Abelgas, Roel"]
[Result "0-1"]
[WhiteElo "2528"]
[BlackElo "2269"]
[EventDate "2013.05.18"]
[PlyCount "112"]

1.e4 c6 2.d4 d5 3.e5 Bf5 4.c4 e6 5.a3 Nd7 6.Nc3 Ne7 7.c5 b6 8.b4 a5 9.Be3 
f6 10.exf6 gxf6 11.Nge2 Bg7 12.Nf4 e5 13.Nh5 O-O 14.Nxg7 Kxg7 15.Be2 Bg6 
16.O-O Nf5 17.Bg4 axb4 18.Bxf5 bxc3 19.Bxg6 hxg6 20.cxb6 Nxb6 21.Rb1 Nc4 
22.Rb7+ Rf7 23.Bh6+ Kg8 24.Qb1 c2 25.Qb4 Qc8 26.Rxf7 Kxf7 27.dxe5 fxe5 28.
Bc1 Rb8 29.Qa4 Rb7 30.Qxc2 Qf5 31.Qa4 Qd7 32.h3 c5 33.Qc2 Qf5 34.Qe2 Nd6 
35.Qa6 Ke6 36.Qc6 Qc2 37.f4 Rf7 38.Be3 d4 39.Bxd4 Rxf4 40.Bf2 c4 41.a4 c3 
42.a5 Qd2 43.g3 Rf8 44.Qa4 c2 45.Qb3+ Ke7 46.Qe3 Rxf2 47.Qxf2 c1=Q 48.Qf8+
Kd7 49.Qg7+ Kc6 50.Rxc1+ Qxc1+ 51.Kg2 Qd2+ 52.Kg1 Qe1+ 53.Kg2 Qxg3+ 54.
Kxg3 Nf5+ 55.Kf3 Nxg7 56.Ke4 Kd6 0-1

[Event "11th Asia-ch - Manny Pacquiao Cup"]
[Site "Manila PHI"]
[Date "2013.05.21"]
[Round "4"]
[White "Arun Prasad, Subramanian"]
[Black "Masruri, Rahman"]
[Result "1-0"]
[WhiteElo "2521"]
[BlackElo "2165"]
[EventDate "2013.05.18"]
[PlyCount "87"]

1.Nf3 Nf6 2.b3 b6 3.Bb2 Bb7 4.e3 e6 5.d4 d5 6.Bd3 Bd6 7.Nbd2 O-O 8.O-O Ne4
9.c4 Nd7 10.Rc1 Rc8 11.Qe2 a5 12.Rfd1 Qe7 13.Nf1 f5 14.cxd5 exd5 15.Ba6 
Bxa6 16.Qxa6 Rce8 17.Qb7 Ndf6 18.Ne5 Rb8 19.Qc6 Qe8 20.f3 Ng5 21.Ng3 g6 
22.f4 Ne6 23.h3 Nd8 24.Qxe8 Rxe8 25.Ne2 Ne6 26.Nc3 b5 27.Ne2 Ne4 28.Nc3 
Nxc3 29.Bxc3 b4 30.Bb2 Ra8 31.Nd3 a4 32.Rc2 axb3 33.axb3 Ra2 34.Kf2 Nd8 
35.Kf3 Nb7 36.g4 Rf8 37.Rdd2 Raa8 38.Ne5 Ra2 39.Nd3 Raa8 40.Bc1 Ra1 41.
gxf5 gxf5 42.Rg2+ Kf7 43.Bd2 Rh1 44.Nf2 1-0

[Event "11th Asia-ch - Manny Pacquiao Cup"]
[Site "Manila PHI"]
[Date "2013.05.21"]
[Round "4"]
[White "Garma, Chito"]
[Black "Batchuluun, Cegmed"]
[Result "0-1"]
[WhiteElo "2318"]
[BlackElo "2507"]
[EventDate "2013.05.18"]
[PlyCount "92"]

1.e4 e5 2.Nf3 Nc6 3.d4 exd4 4.Nxd4 Nf6 5.Nxc6 bxc6 6.Bd3 d5 7.Nd2 Bd6 8.
O-O O-O 9.h3 Re8 10.Qf3 Qe7 11.exd5 cxd5 12.Rd1 c5 13.Bb5 Rd8 14.Nf1 Rb8 
15.a4 a6 16.Bc6 Qc7 17.Bxd5 Nxd5 18.Rxd5 Bb7 19.Ne3 Bxd5 20.Nxd5 Qb7 21.c4
Re8 22.g3 Qb3 23.Ne3 Be5 24.a5 h6 25.Kg2 Bxb2 26.Rb1 Qa2 27.Rxb2 Rxb2 28.
Bxb2 Qxb2 29.Qc6 Qe5 30.Qxa6 Qe4+ 31.Kh2 Qf3 32.h4 Qxf2+ 33.Ng2 Qf3 34.Kh3
h5 35.Qb5 Re1 36.Kh2 Re2 37.Qb8+ Kh7 38.Qb1+ g6 39.Qg1 Ra2 40.a6 Qf2 41.
Qxf2 Rxf2 42.Kg1 Ra2 43.Nf4 Rxa6 44.Nd3 Ra3 45.Ne5 Rxg3+ 46.Kf2 Rh3 0-1

[Event "11th Asia-ch - Manny Pacquiao Cup"]
[Site "Manila PHI"]
[Date "2013.05.21"]
[Round "4"]
[White "Mariano, Nelson"]
[Black "Das, Debashis"]
[Result "0-1"]
[WhiteElo "2282"]
[BlackElo "2488"]
[EventDate "2013.05.18"]
[PlyCount "130"]

1.e4 c5 2.Nf3 d6 3.d4 cxd4 4.Nxd4 Nf6 5.Nc3 a6 6.Be3 e5 7.Nf3 Be7 8.Bc4 
O-O 9.O-O Nc6 10.Qe2 Na5 11.Bb3 h6 12.Rfd1 Nxb3 13.cxb3 Qe8 14.Ne1 Be6 15.
Nc2 Rc8 16.Nb4 Qd7 17.f3 Bd8 18.Qd3 Be7 19.Na4 Qd8 20.Nb6 Rc7 21.Rac1 Rxc1
22.Rxc1 Qb8 23.Rc3 Bd8 24.N4d5 Kh8 25.a4 Bxb6 26.Bxb6 Bxd5 27.exd5 Rc8 28.
Rc4 Nd7 29.a5 Rxc4 30.bxc4 Qe8 31.Be3 Nf6 32.b4 Qa4 33.Qc3 Qd1+ 34.Kf2 Kg8
35.Bd2 Qb1 36.Bc1 Qf5 37.Kg1 Qb1 38.Kf2 Nd7 39.Bb2 Qa2 40.Kg1 b6 41.Ba3 e4
42.b5 axb5 43.a6 b4 44.Bxb4 Qxa6 45.Bxd6 Qa2 46.fxe4 Qb1+ 47.Kf2 Nf6 48.
Qb4 Qc2+ 49.Kg1 Qc1+ 50.Kf2 Nxe4+ 51.Ke2 Qc2+ 52.Ke3 Nc3 53.Bg3 Qe4+ 54.
Kf2 Qd4+ 55.Ke1 Nxd5 56.Qb3 Nc3 57.Qb4 b5 58.Qe7 Qxc4 59.Qe8+ Kh7 60.Qe5 
b4 61.Qf5+ Kg8 62.Qe5 b3 63.Kd2 Ne4+ 64.Ke3 Nxg3 65.hxg3 Qc2 0-1

[Event "11th Asia-ch - Manny Pacquiao Cup"]
[Site "Manila PHI"]
[Date "2013.05.21"]
[Round "4"]
[White "Mu Ke"]
[Black "Murshed, Niaz"]
[Result "0-1"]
[WhiteElo "2297"]
[BlackElo "2480"]
[EventDate "2013.05.18"]
[PlyCount "88"]

1.d4 d5 2.c4 e6 3.Nc3 Bb4 4.e3 Nf6 5.a3 Bxc3+ 6.bxc3 O-O 7.cxd5 exd5 8.Bd3
b6 9.Ne2 Ba6 10.O-O Qc8 11.Ng3 Bxd3 12.Qxd3 Qa6 13.Qf5 Qc4 14.Bd2 Nc6 15.
Rae1 Ne7 16.Qb1 h5 17.f3 h4 18.Nf5 Nxf5 19.Qxf5 Rae8 20.Qb1 h3 21.g3 Re6 
22.Rf2 Rfe8 23.Rfe2 g6 24.Qc2 Nh7 25.Bc1 Nf6 26.Rd1 b5 27.Rf2 a6 28.Bd2 
Nd7 29.Re1 Qc6 30.Rfe2 f5 31.Kf2 Nb6 32.Qd3 Nc4 33.Bc1 Qd6 34.Ra2 Qd7 35.
Ree2 a5 36.a4 bxa4 37.Qd1 a3 38.Qf1 Qh7 39.Re1 g5 40.Bxa3 Nxe3 41.Qh1 Ng4+
42.fxg4 Rxe1 43.Qxd5+ Qf7 44.Qxf7+ Kxf7 0-1